[Event "Steinfurt Bezirksklasse 1011"]
[Site "Germany"]
[Date "2011.05.14"]
[Round "9.3"]
[White "Hoffmann, Jens"]
[Black "Schroeerluecke, Dieter"]
[Result "1/2-1/2"]
[WhiteElo "1334"]
[BlackElo "1204"]
[PlyCount "25"]
[EventDate "2010.09.25"]
[EventType "team-tourn"]
[EventRounds "9"]
[EventCountry "GER"]
[SourceTitle "EXT 2012"]
[Source "ChessBase"]
[SourceDate "2011.11.24"]
[SourceVersion "1"]
[SourceVersionDate "2011.11.24"]
[SourceQuality "1"]
[WhiteTeam "Emsdetten Turm IV"]
[BlackTeam "Ibbenbueren III"]
[WhiteTeamCountry "GER"]
[BlackTeamCountry "GER"]

1. d4 d5 2. c4 dxc4 3. Nc3 e6 4. e4 Be7 5. Bxc4 Bd7 6. a3 a6 7. Be3 b5 8. Ba2 b4 9. axb4 Bxb4 10. Rc1 Nf6 11. Qf3 Bc6 12. Bb1 h6 13. Nge2 1/2-1/2

[Event "Steinfurt Bezirksklasse 0809"]
[Site "Germany"]
[Date "2008.09.13"]
[Round "1.3"]
[White "Schroeerluecke, Dieter"]
[Black "Stroot, Helmut"]
[Result "0-1"]
[WhiteElo "1273"]
[BlackElo "1280"]
[PlyCount "54"]
[EventDate "2008.09.13"]
[EventType "team-tourn"]
[EventRounds "7"]
[EventCountry "GER"]
[SourceTitle "EXT 2010"]
[Source "ChessBase"]
[SourceDate "2010.11.25"]
[SourceVersion "1"]
[SourceVersionDate "2010.11.25"]
[SourceQuality "1"]
[WhiteTeam "Ibbenbueren III"]
[BlackTeam "Rheine CC"]
[WhiteTeamCountry "GER"]
[BlackTeamCountry "GER"]

1. e4 c5 2. Nf3 e6 3. Nc3 a6 4. d3 Nc6 5. Be3 d5 6. exd5 exd5 7. Bg5 Be7 8. Qe2 Be6 9. Bxe7 Ngxe7 10. Ne5 Nd4 11. Qd2 Qd6 12. f4 f6 13. Nf3 Nxf3+ 14. gxf3 Nc6 15. Ne2 d4 16. b3 b5 17. Rg1 Qe7 18. Bg2 0-0 19. Kf2 f5 20. Ng3 Rae8 21. Rae1 c4 22. Qe2 c3 23. Kf1 Qd6 24. Nh5 Bf7 25. Nxg7 Rxe2 26. Nxf5 Rxe1+ 27. Kf2 Qxf4 0-1